000 00320 a2200157 4500
001 62315
020 _a9788580572285
040 _cAnchieta - Pituba
100 _aPenney, Stef
240 1 0 _aInvisíveis
_lpor
245 1 0 _aInvisíveis
300 _a382
362 0 _a2012
650 4 _aFicção inglesa
942 _cBK
999 _c62315
_d62315